000 00992nam a22003377a 4500
001 0050616
003 KOHA_MİRAKIL
005 20260207003734.0
007 ta
008 150629b2014 tu |||gr||||#||||0|tur |
020 _a9786058538115
040 _aTR-BiSEU
_btur
_cTR-BiSEU
_erda
041 0 _atur
044 _ctu
050 _aBP193.16.A3
_bU23 2014
245 0 _aKimyanın efendisi/
_cMuharrem Uçan.
264 1 _aİstanbul :
_bKalender Yayınevi
_c2014
300 _a287 sayfa: resimli ;
_c21 cm.
336 _ametin
_btxt
_2rdacontent
337 _aaracısız
_bn
_2rdamedia
338 _acilt
_bnc
_2rdacarrier
490 1 _aKalender Yayınevi ;
_v8.
490 1 _aBilim Tarihi ;1.
490 1 _aAraştırma ;
_v1.
650 0 _aJaʻfar al-Ṣādiq, 702?-765 or 766.
_993568
650 0 _aImams (Shiites)--Biography.
_993569
830 1 _aKalender Yayınevi ;
_v8.
_993562
830 1 _aBilim Tarihi ;1.
_993570
830 1 _aAraştırma ;
_v1.
_916699
942 _2lcc
_cBK
999 _c50449
_d50449